[Event "SVM_Verbandsliga_West_2023-24"]
[Site "?"]
[Date "2023.09.03"]
[Round "1.5"]
[White "Romaker, Johann"]
[Black "Krohn, Malte Till"]
[Result "0-1"]
[WhiteElo "1864"]
[BlackElo "1839"]
[PlyCount "121"]
[EventDate "2023.09.03"]
[EventType "team-tourn"]
[EventRounds "9"]
[EventCountry "GER"]
[WhiteTeam "Brühler SK 3"]
[BlackTeam "PTSV Aachen 1"]

1. d4 d5 2. Nf3 Nf6 3. e3 c5 4. c3 cxd4 5. exd4 Nc6 6. Bd3 Bg4 7. h3 Bh5 8. Nbd2 e6 9. Qb3 Qc7 10. Bb5 Bd6 11. c4 O-O 12. c5 Be7 13. O-O Nd7 14. Re1 b6 15. cxb6 Qxb6 16. Bxc6 Qxc6 17. Ne5 Nxe5 18. Rxe5 Bg6 19. Nf3 Rab8 20. Qd1 Be4 21. Rh5 Bxf3 22. Qxf3 Bf6 23. Bg5 Bxg5 24. Rxg5 Rxb2 25. Qg3 g6 26. h4 Qb6 27. Qd3 Qb5 28. Qg3 Rb1+ 29. Rxb1 Qxb1+ 30. Kh2 Qe4 31. Rg4 Qf5 32. f3 Qf6 33. h5 Rc8 34. h6 Qd8 35. Kh3 Qc7 36. Qh4 Qd8 37. Kh2 Qc7+ 38. f4 Qd8 39. Qe1 Qf6 40. Qb4 Qf5 41. Rh4 Kh8 42. Qb7 Rg8 43. Qc7 g5 44. fxg5 Qxg5 45. g3 Qf6 46. Qc3 Qf2+ 47. Kh3 Qg1 48. Qf3 f5 49. Rh5 Qxd4 50. Rh4 Qf6 51. Qa3 Qe5 52. Rh5 d4 53. Rh4 Qf6 54. Qc5 e5 55. Rh5 d3 56. Kg2 d2 57. Rh1 f4 58. Qxa7 Rxg3+ 59. Kf2 Rg8 60. Qb7 Rd8 61. a4 0-1

[Event "SVM_Verbandsliga_West_2023-24"]
[Site "?"]
[Date "2023.09.03"]
[Round "1.6"]
[White "Klein, Gernot"]
[Black "Jopek, Eugen"]
[Result "1/2-1/2"]
[WhiteElo "1813"]
[BlackElo "1819"]
[PlyCount "56"]
[EventDate "2023.09.03"]
[EventType "team-tourn"]
[EventRounds "9"]
[EventCountry "GER"]
[WhiteTeam "PTSV Aachen 1"]
[BlackTeam "Brühler SK 3"]

1. e4 c5 2. Nf3 d6 3. d4 cxd4 4. Nxd4 Nf6 5. Nc3 a6 6. Be3 e6 7. f3 Be7 8. Qd2 b5 9. O-O-O Bb7 10. g4 Nc6 11. Nxc6 Bxc6 12. g5 Nd7 13. h4 Qc7 14. Kb1 Rc8 15. Bd3 Ne5 16. f4 Nxd3 17. cxd3 Qb7 18. Rc1 O-O 19. h5 f5 20. gxf6 Bxf6 21. Rhg1 Qf7 22. h6 g6 23. Ne2 d5 24. e5 Be7 25. Nd4 Bb7 26. Rxc8 Rxc8 27. Rc1 Bf8 28. Rh1 Qd7 1/2-1/2

[Event "SVM_Verbandsliga_West_2023-24"]
[Site "?"]
[Date "2023.09.03"]
[Round "1.7"]
[White "Vladimirow, Anguel"]
[Black "Fournell, Udo"]
[Result "0-1"]
[WhiteElo "1856"]
[BlackElo "1788"]
[PlyCount "90"]
[EventDate "2023.09.03"]
[EventType "team-tourn"]
[EventRounds "9"]
[EventCountry "GER"]
[WhiteTeam "Brühler SK 3"]
[BlackTeam "PTSV Aachen 1"]

1. g4 c5 2. Bg2 Nc6 3. c3 d5 4. h3 e5 5. d3 Be6 6. Nf3 f6 7. Nbd2 Qd7 8. e4 Nge7 9. Nh4 O-O-O 10. Qe2 d4 11. c4 Nb4 12. Nb3 b6 13. a4 a5 14. f4 exf4 15. Nf5 Ng6 16. O-O Ne5 17. Bxf4 Nbxd3 18. Nd2 Nxf4 19. Rxf4 Bd6 20. Nxd6+ Qxd6 21. b3 Nxc4 22. e5 Nxe5 23. Qa6+ Kd7 24. Ne4 Qc7 25. Raf1 Ke7 26. Qb5 h6 27. Nd2 Bd5 28. Nc4 Nxc4 29. bxc4 Bxg2 30. Kxg2 Rd6 31. h4 Qc6+ 32. Qxc6 Rxc6 33. g5 hxg5 34. hxg5 Rh5 35. Re1+ Re6 36. gxf6+ gxf6 37. Ref1 Re2+ 38. Kg1 Rg5+ 39. Kh1 Rgg2 40. Rh4 Rgf2 41. Rb1 Rb2 42. Ra1 Rfe2 43. Rh7+ Ke6 44. Rf1 d3 45. Rh6 Rf2 0-1

[Event "SVM_Verbandsliga_West_2023-24"]
[Site "?"]
[Date "2023.09.03"]
[Round "1.8"]
[White "Münstermann, Peter"]
[Black "Tonnicchi, Claudio"]
[Result "1/2-1/2"]
[WhiteElo "1782"]
[BlackElo "1994"]
[PlyCount "74"]
[EventDate "2023.09.03"]
[EventType "team-tourn"]
[EventRounds "9"]
[EventCountry "GER"]
[WhiteTeam "PTSV Aachen 1"]
[BlackTeam "Brühler SK 3"]

1. d4 Nf6 2. Nf3 c5 3. Nc3 d5 4. Bg5 Ne4 5. dxc5 Nxg5 6. Nxg5 e6 7. Nf3 Bxc5 8. e3 Nc6 9. Bd3 O-O 10. O-O a6 11. e4 d4 12. Ne2 e5 13. c3 Bg4 14. cxd4 exd4 15. Rc1 Bd6 16. Ng3 Qf6 17. Be2 Rfd8 18. h3 Bxf3 19. Bxf3 Bxg3 20. fxg3 Qg5 21. Kh2 Ne5 22. Rf2 Rd7 23. Rfc2 Rad8 24. Qd2 Qxd2 25. Rxd2 Kf8 26. g4 g5 27. Bd1 Rd6 28. Rc5 f6 29. Bb3 Rc6 30. Rd5 Rcd6 31. R2xd4 Rxd5 32. Bxd5 b6 33. Kg3 Ke7 34. Kf2 a5 35. Ke3 Rc8 36. b3 Rc3+ 37. Ke2 b5 {(=)} 1/2-1/2

[Event "SVM_Verbandsliga_West_2023-24"]
[Site "?"]
[Date "2023.09.03"]
[Round "1.1"]
[White "Geerling, Anton"]
[Black "Sautter, Joshua"]
[Result "1-0"]
[WhiteElo "1935"]
[BlackElo "2031"]
[PlyCount "65"]
[EventDate "2023.09.03"]
[EventRounds "9"]
[EventCountry "GER"]
[WhiteTeam "Aachener SV 3"]
[BlackTeam "SV Lendersdorf 1"]

1. d4 d5 2. Nf3 Nf6 3. Bf4 c5 4. c3 Nc6 5. h3 Qb6 6. Qb3 c4 7. Qxb6 axb6 8.
Nbd2 b5 9. g4 b4 10. Bg2 bxc3 11. bxc3 Ra3 12. Nb1 Ra5 13. O-O h5 14. g5 Ne4
15. Nfd2 Nd6 16. e4 dxe4 17. Re1 b5 18. Nxe4 Nxe4 19. Bxe4 Nd8 20. h4 Ra6 21.
Nd2 e6 22. Reb1 Bd7 23. a4 bxa4 24. Nxc4 Bc6 25. Bd3 f6 26. Nb6 Ra5 27. c4 Be7
28. d5 exd5 29. cxd5 Bxd5 30. Bd2 Rc5 31. Bb4 Bf3 32. Bxc5 Bxc5 33. Re1+ 1-0

[Event "SVM_Verbandsliga_West_2023-24"]
[Site "?"]
[Date "2023.09.03"]
[Round "1.2"]
[White "Chraibi, Mohcine"]
[Black "Ucaroglu, Melih Furkan"]
[Result "1/2-1/2"]
[WhiteElo "1996"]
[BlackElo "1929"]
[PlyCount "147"]
[EventDate "2023.09.03"]
[EventRounds "9"]
[EventCountry "GER"]
[WhiteTeam "SV Lendersdorf 1"]
[BlackTeam "Aachener SV 3"]

1. e4 Nc6 2. Nf3 d6 3. h3 Nf6 4. Nc3 e5 5. Bc4 Be7 6. O-O O-O 7. d4 h6 8. Re1
exd4 9. Nxd4 Ne5 10. Bb3 c5 11. Nf3 a6 12. a4 Qc7 13. Nd5 Nxd5 14. Bxd5 Rb8 15.
a5 Bf6 16. Nd2 Bd7 17. f4 Ng6 18. Nf3 b5 19. axb6 Rxb6 20. Qd3 Bxb2 21. Bxb2
Rxb2 22. Bb3 Nxf4 23. Qc3 Rxb3 24. Qxb3 a5 25. Qe3 Ne6 26. Qd2 a4 27. Rad1 Nd4
28. Nxd4 cxd4 29. Re2 Bb5 30. Rf2 a3 31. Qb4 Qc5 32. Qxc5 dxc5 33. Ra1 Ra8 34.
Rf5 Bc6 35. Rxc5 Bxe4 36. Ra2 Ra4 37. Kf2 f6 38. Rc7 Bd5 39. Ra1 a2 40. Rd7 Be6
41. Re7 Bd5 42. Rd7 Be4 43. Rc7 h5 44. Rc5 f5 45. h4 Kf7 46. Kg3 Kf6 47. Kf2
Ra3 48. Rc4 Ke5 49. Rc5+ Kd6 50. Rc4 {(=)} Kd5 51. Rc8 g6 52. Rc7 f4 53. Rc8
Ra7 54. c4+ dxc3 55. Rxc3 Bb1 56. Rb3 Ke4 57. Rb4+ Kf5 58. Raxb1 ({oder} 58.
Rbxb1 {?}) 58... axb1=Q 59. Rxb1 Kg4 60. Rb6 Rg7 61. Rf6 Kxh4 62. Rxf4+ Kg5 63.
Rb4 Rf7+ 64. Kg3 Rf5 65. Ra4 Rc5 66. Kf3 h4 67. Rb4 Rc3+ 68. Kf2 Kh5 69. Ra4 g5
70. Rb4 h3 71. gxh3 Rxh3 72. Kg2 Rc3 73. Ra4 g4 74. Ra8 1/2-1/2

[Event "SVM_Verbandsliga_West_2023-24"]
[Site "?"]
[Date "2023.09.03"]
[Round "1.3"]
[White "Alexopoulos, Spiros Orestis"]
[Black "Hinz, Holger"]
[Result "0-1"]
[WhiteElo "1947"]
[BlackElo "1931"]
[PlyCount "120"]
[EventDate "2023.09.03"]
[EventRounds "9"]
[EventCountry "GER"]
[WhiteTeam "Aachener SV 3"]
[BlackTeam "SV Lendersdorf 1"]

1. e4 e6 2. d4 d5 3. Nc3 Nf6 4. Bg5 Be7 5. e5 Nfd7 6. h4 Nc6 7. Nh3 h6 8. Bxe7
Qxe7 9. Qg4 Qb4 10. O-O-O O-O 11. Nf4 f5 12. Qg3 Nb6 13. a3 Qa5 14. Nh5 Rf7 15.
Nf6+ Kf8 16. Qg6 gxf6 17. exf6 Nd7 18. Qxh6+ Ke8 19. Be2 Nxf6 20. Rd3 Ke7 21.
Bh5 Nxh5 22. Qxh5 Bd7 23. Qg5+ Kf8 24. Ne2 b5 25. Rg3 Ne7 26. Nf4 b4 27. Qh6+
Ke8 28. Nxe6 Bxe6 29. Qxe6 bxa3 30. Rxa3 Qb6 31. Qe5 Kd7 32. Rb3 Qd6 33. Qxd6+
Kxd6 34. Rg3 Rg8 35. Rxg8 Nxg8 36. Kd2 Nf6 37. g3 Re7 38. c3 Ne4+ 39. Kc2 Nxf2
40. Rf1 Re2+ 41. Kb3 Ke6 42. Ra1 Nd3 43. Rxa7 Rxb2+ 44. Ka3 Kd6 45. Ra8 Rg2 46.
Rf8 Ke6 47. Re8+ Kf7 48. Re3 Nb2 49. Kb4 Nc4 50. Rf3 Nd6 51. Kc5 Ke6 52. Kc6
Ne4 53. Kxc7 Rxg3 54. Rf1 Rxc3+ 55. Kd8 Rh3 56. Rf4 Nf6 57. Kc7 Nh5 58. Rf1
Rxh4 59. Rd1 Re4 60. Rh1 Nf6 0-1

[Event "SVM_Verbandsliga_West_2023-24"]
[Site "?"]
[Date "2023.09.03"]
[Round "1.4"]
[White "Grünich, Andreas"]
[Black "Roefe, Detlef"]
[Result "1/2-1/2"]
[WhiteElo "1826"]
[BlackElo "1879"]
[PlyCount "63"]
[EventDate "2023.09.03"]
[EventRounds "9"]
[EventCountry "GER"]
[WhiteTeam "SV Lendersdorf 1"]
[BlackTeam "Aachener SV 3"]

1. d4 e6 2. c4 d5 3. e3 Nf6 4. Nf3 dxc4 5. Bxc4 a6 6. a4 Be7 7. O-O b6 8. Nc3
Bb7 9. Re1 O-O 10. e4 Re8 11. h3 c5 12. d5 exd5 13. exd5 Bd6 14. Bg5 Rxe1+ 15.
Qxe1 Nbd7 16. Rd1 Qe8 17. Qd2 Qf8 18. Re1 Re8 19. b3 Rxe1+ 20. Qxe1 h6 21. Bd2
Qa8 22. Qe2 Nxd5 23. Qd3 N7f6 24. Nh4 Bf8 25. f3 Nb4 26. Qg6 Nbd5 27. Qg3 Qd8
28. Nf5 g6 29. Nxh6+ Kg7 30. Nf5+ Kg8 31. Nh6+ Kg7 32. Nf5+ 1/2-1/2

[Event "SVM_Verbandsliga_West_2023-24"]
[Site "?"]
[Date "2023.09.03"]
[Round "1.5"]
[White "Thiemann, Marc"]
[Black "Liebe, Uwe"]
[Result "0-1"]
[WhiteElo "1854"]
[BlackElo "1786"]
[PlyCount "78"]
[EventDate "2023.09.03"]
[EventRounds "9"]
[EventCountry "GER"]
[WhiteTeam "Aachener SV 3"]
[BlackTeam "SV Lendersdorf 1"]

1. e4 e6 2. d4 d5 3. e5 c5 4. c3 Qb6 5. Nf3 Nc6 6. Bd3 cxd4 7. O-O Bc5 8. b4
Be7 9. b5 Na5 10. Nxd4 Bd7 11. Qg4 Bf8 12. Be3 Qc7 13. Qg3 f5 14. a4 Ne7 15. h4
Nc4 16. Bxc4 dxc4 17. Na3 b6 18. a5 bxa5 19. b6 axb6 20. Nab5 Bxb5 21. Nxb5 Qc6
22. Nd6+ Kd7 23. Rfd1 Nd5 24. Rab1 Bxd6 25. Qxg7+ Be7 26. Rxb6 Rag8 27. Qxe7+
Kxe7 28. Rxc6 Rc8 29. Bg5+ Kf7 30. Ra6 Ra8 31. Rc6 Rhc8 32. Rd6 a4 33. Rd7+ Kg6
34. f4 h6 35. h5+ Kxh5 36. Kf2 hxg5 37. Rh1+ Kg4 38. g3 Rh8 39. Rg7 Nxf4 0-1

[Event "SVM_Verbandsliga_West_2023-24"]
[Site "?"]
[Date "2023.09.03"]
[Round "1.6"]
[White "Titz, Peter"]
[Black "Hinz, Laszlo"]
[Result "0-1"]
[WhiteElo "1793"]
[BlackElo "1774"]
[PlyCount "84"]
[EventDate "2023.09.03"]
[EventRounds "9"]
[EventCountry "GER"]
[WhiteTeam "SV Lendersdorf 1"]
[BlackTeam "Aachener SV 3"]

1. d4 Nf6 2. c4 e5 3. dxe5 Ng4 4. Nf3 Bc5 5. e3 Nc6 6. a3 a5 7. Nc3 Ngxe5 8.
Nxe5 Nxe5 9. Na4 Be7 10. b3 Bf6 11. Bb2 O-O 12. Be2 d6 13. O-O Re8 14. Qc2 b6
15. Rad1 Qe7 16. Nc3 Nd7 17. Bf3 Rb8 18. Bc6 Bxc3 19. Qxc3 f6 20. Rd4 Bb7 21.
Bxb7 Rxb7 22. Re1 Rbb8 23. Rh4 Ne5 24. f3 Qf7 25. f4 Ng6 26. Rh3 Re4 27. f5 Nf8
28. Qc2 Rbe8 29. Qe2 d5 30. Rc1 d4 31. Qd3 dxe3 32. Re1 e2 33. Rf3 Qe7 34. Qc2
Qc5+ 35. Kh1 b5 36. Qd3 bxc4 37. bxc4 Rxc4 38. h3 Rce4 39. g4 Re3 40. Rxe3 Rxe3
41. Qd2 Qc6+ 42. Kh2 Qf3 0-1

[Event "SVM_Verbandsliga_West_2023-24"]
[Site "?"]
[Date "2023.09.03"]
[Round "1.7"]
[White "Maaß, André"]
[Black "Klein-Uebbing, Niklas"]
[Result "0-1"]
[WhiteElo "1755"]
[BlackElo "1598"]
[PlyCount "112"]
[EventDate "2023.09.03"]
[EventRounds "9"]
[EventCountry "GER"]
[WhiteTeam "Aachener SV 3"]
[BlackTeam "SV Lendersdorf 1"]

1. d4 d5 2. Bf4 Bf5 3. e3 Nf6 4. Nf3 e6 5. Bd3 Bxd3 6. Qxd3 c5 7. dxc5 Qa5+ 8.
Nc3 Nc6 9. Qb5 Qxb5 10. Nxb5 Kd7 11. Bd6 Ne4 12. Bxf8 Rhxf8 13. a3 a6 14. Nbd4
Nxc5 15. Rd1 Ke7 16. Nxc6+ bxc6 17. Ne5 Rfc8 18. O-O Rab8 19. b3 a5 20. f4 Ne4
21. Nf3 f6 22. g4 a4 23. Rd3 axb3 24. cxb3 Nc5 25. Rc3 Nxb3 26. Rb1 Nd4 27.
Rxb8 Nxf3+ 28. Kf2 Rxb8 29. Kxf3 Kd6 30. h4 c5 31. a4 c4 32. Rc2 Rb7 33. Ke2
Kc5 34. Kd2 Ra7 35. Ra2 Kb4 36. Rb2+ Ka3 37. Kc3 Rxa4 38. Rb1 Ka2 39. Rb2+ Ka3
40. Rb1 Ka2 41. Rb2+ Ka1 42. Kc2 Ra2 43. Rxa2+ Kxa2 44. g5 f5 45. h5 Ka3 46.
Kc3 Ka4 47. g6 hxg6 48. hxg6 Ka3 49. Kd4 Kb2 50. Ke5 c3 51. Kxe6 c2 52. Kf7
c1=Q 53. Kxg7 Qxe3 54. Kf6 Qxf4 55. g7 Qd4+ 56. Kf7 Qxg7+ 0-1

[Event "SVM_Verbandsliga_West_2023-24"]
[Site "?"]
[Date "2023.09.03"]
[Round "1.8"]
[White "Shakhbandaryan, Armen"]
[Black "Yanes, Adrian"]
[Result "0-1"]
[WhiteElo "1269"]
[BlackElo "1679"]
[PlyCount "80"]
[EventDate "2023.09.03"]
[EventRounds "9"]
[EventCountry "GER"]
[WhiteTeam "SV Lendersdorf 1"]
[BlackTeam "Aachener SV 3"]

1. f4 d5 2. Nf3 Nc6 3. e3 a6 4. b3 Nf6 5. Bb2 e6 6. Nc3 Bd6 7. Qe2 Bd7 8. h3
Qe7 9. O-O-O b5 10. Qe1 O-O 11. g4 d4 12. Nxd4 Nxd4 13. exd4 Bxf4 14. Bg2 c6
15. d5 Rfc8 16. Rf1 Bd6 17. dxc6 Bxc6 18. Bxc6 Rxc6 19. Ne4 Nxe4 20. Qxe4 Rac8
21. c3 a5 22. Kb1 a4 23. bxa4 Rc4 24. Qd3 bxa4 25. Kc2 a3 26. Ba1 Qd7 27. Rb1
Qa4+ 28. Rb3 Be7 29. Re1 Bg5 30. Re2 Rd8 31. Qg3 Bf4 32. Qf2 Bd6 33. d3 Rf4 34.
Qb6 Be7 35. Qc7 Bf6 36. d4 Rf1 37. Re3 Rxa1 38. Kd3 Rxa2 39. Qb6 Rc8 40. Rxe6
Qc4+ 0-1

[Event "SVM_Verbandsliga_West_2023-24"]
[Site "?"]
[Date "2023.09.24"]
[Round "2.1"]
[White "Weinkauf, Viktor"]
[Black "Huhndorf, Arnold"]
[Result "0-1"]
[WhiteElo "1911"]
[BlackElo "2203"]
[PlyCount "40"]
[EventDate "2023.09.24"]
[WhiteTeam "Aachener SV 3"]
[BlackTeam "Turm Bergheim 1"]

1. e4 c5 2. Nf3 g6 3. d4 cxd4 4. Qxd4 Nf6 5. Nc3 Nc6 6. Qa4 d6 7. e5 dxe5 8. Nxe5 Bg7 9. Bb5 O-O 10. Nxc6 bxc6 11. Bxc6 Bd7 12. Bxd7 Nxd7 13. Be3 Nb6 14. Qb4 Rb8 15. Rd1 Qc7 16. Qc5 Qb7 17. O-O Rfc8 18. Qa5 Nc4 19. Qxa7 Qxa7 20. Bxa7 Rb7 0-1

[Event "SVM_Verbandsliga_West_2023-24"]
[Site "?"]
[Date "2023.09.24"]
[Round "2.2"]
[White "Härtel, Stephan"]
[Black "Roefe, Detlef"]
[Result "1/2-1/2"]
[WhiteElo "1958"]
[BlackElo "1879"]
[PlyCount "99"]
[EventDate "2023.09.24"]
[WhiteTeam "Turm Bergheim 1"]
[BlackTeam "Aachener SV 3"]

1. e4 c5 2. d4 cxd4 3. c3 d3 4. Bxd3 d6 5. c4 Nf6 6. Nc3 e6 7. Nf3 Be7 8. O-O a6 9. a3 Qc7 10. Bf4 Nbd7 11. Rc1 b6 12. b4 Bb7 13. Qe2 Ne5 14. Nxe5 dxe5 15. Be3 O-O 16. f3 Nd7 17. Qf2 Rfd8 18. Rfd1 Bc6 19. Nd5 Bxd5 20. cxd5 Qb7 21. dxe6 fxe6 22. Bc4 Kf7 23. Rd2 Rac8 24. Qf1 b5 25. Bb3 a5 26. bxa5 {(=)} Bxa3 27. Ra1 Bc5 28. Qf2 Qa7 29. Bxc5 Nxc5 30. Rc2 Rc7 31. Rac1 Rdc8 32. Ba2 Qxa5 33. Qe3 Na4 34. Rxc7+ Rxc7 35. Rxc7+ Qxc7 36. Kf1 Qc5 37. Qg5 g6 38. Qh6 Kf6 39. g4 Qc2 40. g5+ Ke7 41. Qg7+ Kd6 42. Qf8+ Kd7 43. Qf7+ Kd8 44. Qf6+ Kc7 45. Bxe6 Qd1+ 46. Kg2 Qe2+ 47. Kg3 Qe1+ 48. Kg2 Qe2+ 49. Kg3 Qe1+ 50. Kg2 1/2-1/2

[Event "SVM_Verbandsliga_West_2023-24"]
[Site "?"]
[Date "2023.09.24"]
[Round "2.3"]
[White "Thiemann, Marc"]
[Black "Potrafke, Dirk"]
[Result "1-0"]
[WhiteElo "1854"]
[BlackElo "1882"]
[PlyCount "23"]
[EventDate "2023.09.24"]
[WhiteTeam "Aachener SV 3"]
[BlackTeam "Turm Bergheim 1"]

1. e4 c5 2. Nc3 a6 3. Nge2 Nc6 4. g3 b5 5. Bg2 Bb7 6. d4 cxd4 7. Nxd4 e6 8. O-O d6 9. Re1 Be7 10. e5 Qc7 11. exd6 Qxd6 12. Nxc6 1-0

[Event "SVM_Verbandsliga_West_2023-24"]
[Site "?"]
[Date "2023.09.24"]
[Round "2.4"]
[White "Buller, Ivan"]
[Black "Hinz, Laszlo"]
[Result "1/2-1/2"]
[WhiteElo "1867"]
[BlackElo "1774"]
[PlyCount "101"]
[EventDate "2023.09.24"]
[WhiteTeam "Turm Bergheim 1"]
[BlackTeam "Aachener SV 3"]

1. e4 e5 2. Nf3 Nc6 3. d4 exd4 4. Nxd4 Bc5 5. Be3 Bb6 6. Nc3 Nge7 7. Be2 O-O 8. O-O Nxd4 9. Bxd4 Nc6 10. Bxb6 axb6 11. Bc4 d6 12. Nd5 Kh8 13. Ne3 f5 14. exf5 Bxf5 15. Nxf5 Rxf5 16. Bd3 Re5 17. Qd2 Qf6 18. c3 Rae8 19. Rae1 Qe6 20. Rxe5 Qxe5 21. h3 Nb8 22. Rd1 Nd7 23. Bf1 Nf6 24. Qd4 Qxd4 25. Rxd4 g6 26. g4 Kg7 27. f3 g5 28. Kf2 d5 29. c4 c5 30. Rd2 d4 31. Re2 Rxe2+ 32. Bxe2 Nd7 33. b3 Kf6 34. Bd3 h6 35. Be4 Ke5 36. Bf5 Nb8 37. Bc8 Kf4 38. Bxb7 Nd7 39. Be4 Ne5 40. Ke2 Nd7 41. a3 Ne5 42. Bd5 Ng6 43. b4 Ke5 44. Be4 Nf4+ 45. Kd2 Kd6 46. b5 Nxh3 47. a4 Kc7 48. Ke2 Nf4+ 49. Kd2 Ne6 50. Ke2 Nf4+ 51. Kd2 1/2-1/2

[Event "SVM_Verbandsliga_West_2023-24"]
[Site "?"]
[Date "2023.09.24"]
[Round "2.5"]
[White "Maaß, Andre"]
[Black "Lambertz, Walter"]
[Result "1/2-1/2"]
[WhiteElo "1755"]
[BlackElo "1807"]
[PlyCount "28"]
[EventDate "2023.09.24"]
[WhiteTeam "Aachener SV 3"]
[BlackTeam "Turm Bergheim 1"]

1. d4 Nf6 2. Nc3 d5 3. Bf4 e6 4. e3 Bd6 5. Nf3 Bxf4 6. exf4 c5 7. dxc5 Qa5 8. Qd4 Nc6 9. Bb5 Qxb5 10. Nxb5 Nxd4 11. Nbxd4 Ne4 12. b4 a5 13. Nb5 Ke7 14. c3 Bd7 {(=)} 1/2-1/2

[Event "SVM_Verbandsliga_West_2023-24"]
[Site "?"]
[Date "2023.09.24"]
[Round "2.6"]
[White "Titz, Stefan"]
[Black "Yanes, Adrian"]
[Result "0-1"]
[WhiteElo "1768"]
[BlackElo "1679"]
[PlyCount "66"]
[EventDate "2023.09.24"]
[WhiteTeam "Turm Bergheim 1"]
[BlackTeam "Aachener SV 3"]

1. d4 d5 2. c4 e5 3. dxe5 d4 4. Nf3 Nc6 5. g3 Bg4 6. Bg2 Qd7 7. a3 Nge7 8. b4 Ng6 9. Bb2 O-O-O 10. h3 Be6 11. Nbd2 Ncxe5 12. Rc1 f6 13. Nxd4 Ne7 14. b5 Nf5 15. Nxe6 Qxe6 16. O-O Bc5 17. Kh2 Qd6 18. Ne4 Qb6 19. Qc2 Bd4 20. Qb3 Bxb2 21. Qxb2 Qd4 22. Qb4 Nd7 23. Rfd1 Qe5 24. c5 Rhe8 25. b6 axb6 26. cxb6 Nxb6 27. Rxd8+ Kxd8 28. a4 Nd6 29. Rd1 Re6 30. f4 Qh5 31. Bf3 Qe8 32. Nxd6 Rxe2+ 33. Kg1 Qe3+ 0-1

[Event "SVM_Verbandsliga_West_2023-24"]
[Site "?"]
[Date "2023.09.24"]
[Round "2.7"]
[White "Hermann, David"]
[Black "Freese, Carsten"]
[Result "0-1"]
[WhiteElo "1742"]
[BlackElo "1708"]
[PlyCount "76"]
[EventDate "2023.09.24"]
[WhiteTeam "Aachener SV 3"]
[BlackTeam "Turm Bergheim 1"]

1. e4 g6 2. d4 Bg7 3. Nc3 d6 4. Be3 c6 5. f4 Nf6 6. Nf3 Qb6 7. Rb1 Ng4 8. Bg1 Qa5 9. Bd3 Nd7 10. Qd2 O-O 11. h3 Ngf6 12. Be3 e5 13. dxe5 dxe5 14. O-O exf4 15. Bxf4 Qc5+ 16. Be3 Qd6 17. Rf2 Ne5 18. Bh6 Nxd3 19. cxd3 Ne8 20. Rbf1 Be6 21. e5 Qd7 22. Ne4 Bf5 23. Nf6+ Nxf6 24. Bxg7 Kxg7 25. exf6+ Kxf6 26. g4 Be6 27. Qg5+ Kg7 28. Ne5 Qd8 29. Qe3 Qd6 30. g5 Bf5 31. h4 Rfe8 32. d4 Rad8 33. Rf4 c5 34. Rxf5 gxf5 35. Rxf5 Qxd4 36. Rxf7+ Kg8 37. Qxd4 Rxd4 38. Rxb7 Rxe5 0-1

[Event "SVM_Verbandsliga_West_2023-24"]
[Site "?"]
[Date "2023.09.24"]
[Round "2.8"]
[White "Fricke, Rudolf"]
[Black "Wenzke, Elias"]
[Result "1-0"]
[WhiteElo "1622"]
[BlackElo "1815"]
[PlyCount "49"]
[EventDate "2023.09.24"]
[WhiteTeam "Turm Bergheim 1"]
[BlackTeam "Aachener SV 3"]

1. c4 e6 2. e4 d5 3. e5 d4 4. d3 c5 5. g3 Nc6 6. f4 g5 7. Nf3 gxf4 8. Bxf4 Bg7 9. Nbd2 Qa5 10. Bg2 Nge7 11. O-O Ng6 12. Ne4 Ncxe5 13. Nxe5 Bxe5 14. Bxe5 Nxe5 15. Qh5 Qc7 16. Nf6+ Ke7 17. Qg5 Kd6 18. Qg7 Bd7 19. Rae1 Ng6 20. Ne4+ Kc6 21. Rxf7 Rad8 22. Nf6+ Kd6 23. Nxd7 Rhe8 24. Nf8 Re7 25. Rxe6+ 1-0

[Event "SVM_Verbandsliga_West_2023-24"]
[Site "?"]
[Date "2023.09.24"]
[Round "2.1"]
[White "Sautter, Joshua"]
[Black "Heuser, Friedhelm"]
[Result "1-0"]
[WhiteElo "2031"]
[BlackElo "2007"]
[PlyCount "73"]
[EventDate "2023.09.24"]
[WhiteTeam "SV Lendersdorf 1"]
[BlackTeam "Brühler SK 3"]

1. d4 Nf6 2. Bf4 e6 3. e3 Be7 4. Bd3 O-O 5. e4 d5 6. e5 Nfd7 7. h4 f5 8. Nf3 c5 9. Ng5 Bxg5 10. hxg5 g6 11. dxc5 Nxc5 12. Nd2 Nxd3+ 13. cxd3 b6 14. Rc1 Ba6 15. Nb3 Nd7 16. Rc6 Re8 17. Qf3 Nf8 18. O-O Rc8 19. Rfc1 Rxc6 20. Rxc6 Qd7 21. Rd6 Qc7 22. Nd4 Qc5 23. Be3 Qb4 24. Qe2 f4 25. Nc6 Qa4 26. b3 Qa3 27. Bxf4 Qc5 28. Qd2 Ra8 29. Bg3 Qa3 30. Qf4 Re8 31. Qf6 Bxd3 32. Ne7+ Rxe7 33. Qxe7 Be4 34. Qf6 Qc5 35. Rd8 Bf5 36. Ra8 a5 37. Ra7 1-0

[Event "SVM_Verbandsliga_West_2023-24"]
[Site "?"]
[Date "2023.09.24"]
[Round "2.2"]
[White "Dilger, Jan"]
[Black "Chraibi, Mohcine"]
[Result "0-1"]
[WhiteElo "1891"]
[BlackElo "1996"]
[PlyCount "46"]
[EventDate "2023.09.24"]
[WhiteTeam "Brühler SK 3"]
[BlackTeam "SV Lendersdorf 1"]

1. e4 c5 2. Nf3 g6 3. d4 cxd4 4. Nxd4 Bg7 5. Be3 Nc6 6. c4 Nf6 7. Nc3 O-O 8. Be2 d6 9. O-O a5 10. Nxc6 bxc6 11. Qd2 a4 12. Rad1 Qa5 13. h3 Bb7 14. f4 Rfd8 15. Bf3 Nd7 16. Qf2 a3 17. e5 dxe5 18. Rxd7 Rxd7 19. fxe5 Qxe5 20. Ne4 Rd3 21. Be2 Rxe3 22. Qxe3 f5 23. Qb6 Qd4+ 0-1

[Event "SVM_Verbandsliga_West_2023-24"]
[Site "?"]
[Date "2023.09.24"]
[Round "2.3"]
[White "Voulon, Oliver"]
[Black "Neuens, Heiko"]
[Result "1-0"]
[WhiteElo "1950"]
[BlackElo "1872"]
[PlyCount "117"]
[EventDate "2023.09.24"]
[WhiteTeam "SV Lendersdorf 1"]
[BlackTeam "Brühler SK 3"]

1. d4 Nf6 2. Nf3 g6 3. b3 Bg7 4. Bb2 d5 5. e3 O-O 6. Be2 Bf5 7. O-O Nbd7 8. Nbd2 c5 9. c4 dxc4 10. Nxc4 cxd4 11. Nxd4 Be4 12. f3 Bd5 13. e4 Bxc4 14. Bxc4 Qb6 15. Kh1 Rfd8 16. Nb5 Ne5 17. Bd4 Nxc4 18. Bxb6 Rxd1 19. Raxd1 Nxb6 20. Rd3 a6 21. Nc3 Kf8 22. Rfd1 Ke8 23. a4 Nfd7 24. a5 Ne5 25. R3d2 Nbd7 26. f4 Ng4 27. Na4 e5 28. h3 Ne3 29. Re1 exf4 30. Rxd7 Kxd7 31. Nb6+ Kc6 32. Nxa8 Kb5 33. Rc1 Be5 34. Nb6 Bd6 35. Nc4 Nxc4 36. bxc4+ Kxa5 37. Rd1 Bc5 38. Rd7 Kb4 39. Rxb7+ Kxc4 40. Rxf7 Kd4 41. Rxh7 Kxe4 42. Rc7 Bf2 43. Rc6 g5 44. Rxa6 Ke3 45. Rg6 Bh4 46. Kg1 Ke2 47. Re6+ Kd3 48. Kf1 Kd2 49. Ra6 Kd3 50. Ra2 Bg3 51. Ra3+ Kd2 52. Ra5 Bh4 53. Ra3 Bg3 54. Rb3 Bh4 55. g3 fxg3 56. Kg2 Ke2 57. Rxg3 Kd2 58. Kf3 Kd3 59. Rg4 1-0

[Event "SVM_Verbandsliga_West_2023-24"]
[Site "?"]
[Date "2023.09.24"]
[Round "2.4"]
[White "Romaker, Johann"]
[Black "Flatten, Arnold"]
[Result "0-1"]
[WhiteElo "1864"]
[BlackElo "2031"]
[PlyCount "78"]
[EventDate "2023.09.24"]
[WhiteTeam "Brühler SK 3"]
[BlackTeam "SV Lendersdorf 1"]

1. d4 Nf6 2. Nf3 g6 3. c4 Bg7 4. Nc3 d5 5. e3 O-O 6. h3 c5 7. Bd3 cxd4 8. exd4 Nc6 9. O-O dxc4 10. Bxc4 Bf5 11. Re1 Rc8 12. Bb3 Na5 13. Qe2 Re8 14. Ba4 Bd7 15. Bxd7 Qxd7 16. Be3 Nd5 17. Nxd5 Qxd5 18. b3 Nc6 19. Rac1 e6 20. Rc5 Nxd4 21. Bxd4 Rxc5 22. Bxc5 Qxc5 23. Qd2 Bf6 24. Rc1 Qe7 25. Qa5 b6 26. Qa6 Qd7 27. a4 Re7 28. a5 bxa5 29. Qxa5 Kg7 30. b4 Qd5 31. b5 Rb7 32. Rb1 Qd3 33. Qa2 Rb6 34. Rb3 Qd1+ 35. Kh2 a6 36. Ra3 axb5 37. Rb3 Qd5 38. Qa3 b4 39. Rxb4 Qd6+ 0-1

[Event "SVM_Verbandsliga_West_2023-24"]
[Site "?"]
[Date "2023.09.24"]
[Round "2.5"]
[White "Grünich, Andreas"]
[Black "Jopek, Eugen"]
[Result "1/2-1/2"]
[WhiteElo "1826"]
[BlackElo "1819"]
[PlyCount "65"]
[EventDate "2023.09.24"]
[WhiteTeam "SV Lendersdorf 1"]
[BlackTeam "Brühler SK 3"]

1. d4 d5 2. c4 c6 3. e3 Nf6 4. Nc3 a6 5. Nf3 Bg4 6. h3 Bxf3 7. Qxf3 e6 8. Bd3 Nbd7 9. cxd5 cxd5 10. O-O Rc8 11. Bd2 Be7 12. a3 b5 13. Rfc1 O-O 14. a4 b4 15. Ne2 a5 16. b3 Qb6 17. Ng3 Bd6 18. Nh5 Nxh5 19. Qxh5 g6 20. Qg4 f5 21. Qg5 Rxc1+ 22. Rxc1 Nf6 23. f4 Rf7 24. Qh4 Kg7 25. Bb5 Rc7 26. Qe1 Ne4 27. Kf1 h6 28. Bd3 Nf6 29. Rxc7+ Qxc7 30. Qc1 Qxc1+ 31. Bxc1 g5 32. g3 gxf4 33. gxf4 {(=)} 1/2-1/2